Svietiace deti

Saved in:
Bibliographic Details
Main Author Kardaras, Nicholas
Format Electronic eBook
LanguageCzech
Published Grada SK 2022
Edition1. elektronické vydání
Subjects
Online AccessDostupné v BOOKPORT po přihlášení pomocí eduID
ISBN978-80-8090-315-2
978-80-8090-313-8
Physical Description1 online zdroj (280 stran)

Cover

LEADER 00000nam a2200000 i 4500
001 bkp100151
003 CZ-prgp
005 20230313115027.0
006 m o d
007 cr cn
008 230313s2022 xr o 000 0 cze
020 |a 978-80-8090-315-2  |c 361 Kč  |q (online ; epub) 
020 |a 978-80-8090-313-8  |c 200 Kč  |q (print) 
040 |a Grada  |b cze  |e rda 
100 1 |a Kardaras, Nicholas 
245 1 0 |a Svietiace deti  |c Nicholas Kardaras 
250 |a 1. elektronické vydání 
264 1 |b Grada SK  |c 2022 
300 |a 1 online zdroj (280 stran) 
336 |a text  |b txt  |2 rdacontent 
337 |a počítač  |b c  |2 rdamedia 
338 |a online zdroj  |b cr  |2 rdacarrier 
520 3 |a Všetci ich vídame: deti hypnoticky hľadiace na žiariace obrazovky v reštauráciách, na ihriskách či doma s kamošmi, ich počet neustále rastie. Čoraz viac výskumov potvrdzuje, že digitálne technológie súvisia s rozvojom mnohých porúch. Svietiace tváre sú ako virtuálna pandémia a ustavične sa množia. Ale za akú cenu? Aké následky to bude mať na životy detí? 
650 0 4 |a Rady pro rodiče 
856 4 0 |u https://www.bookport.cz/AccountSaml/SignIn/?idp=https://shibboleth.utb.cz/idp/shibboleth&returnUrl=/kniha/svietiace-deti-11584/  |y Dostupné v BOOKPORT po přihlášení pomocí eduID